[Event "IRI-ch Online"]
[Site "Chess.com INT"]
[Date "2021.03.18"]
[Round "11"]
[White "Molaei, Mohammadamin"]
[Black "Joodaki, Saeed"]
[Result "1-0"]
[WhiteElo "2325"]
[BlackElo "1955"]
[PlyCount "109"]
[EventDate "2021.03.15"]
[EventType "swiss (rapid)"]
[EventRounds "11"]
[EventCountry "IRI"]
[SourceTitle "CBM 201 Extra"]
[Source "ChessBase"]
[SourceDate "2021.05.31"]
[SourceVersion "1"]
[SourceVersionDate "2021.05.31"]
[SourceQuality "1"]

1. d4 Nf6 2. c4 e6 3. g3 d5 4. Bg2 c6 5. Nf3 Nbd7 6. 0-0 Be7 7. Qc2 0-0 8. Nbd2 b6 9. e4 dxe4 10. Nxe4 Nxe4 11. Qxe4 Bb7 12. Rd1 Nf6 13. Qe2 Qc7 14. Bf4 Bd6 15. Bg5 Be7 16. c5 Nd5 17. Bxe7 Qxe7 18. Rac1 b5 19. a3 a5 20. Ne5 f6 21. Nd3 Rfe8 22. Re1 Qf7 23. f4 Rad8 24. Nf2 f5 25. Nd3 Qc7 26. Ne5 Nf6 27. Rcd1 Nd5 28. h3 Rb8 29. Qh5 g6 30. Qf3 Rf8 31. Rd2 Rbe8 32. Rde2 Ba6 33. b4 a4 34. Nxc6 Qxc6 35. Rxe6 Rxe6 36. Qxd5 Qxd5 37. Bxd5 Bc8 38. Bxe6+ Bxe6 39. Rxe6 Rd8 40. c6 Kf7 41. Re5 Rc8 42. d5 h6 43. Kf2 Kf6 44. Ke3 g5 45. Kd4 h5 46. Re6+ Kf7 47. Ke5 gxf4 48. Kxf4 Rh8 49. Kxf5 Rd8 50. d6 Rc8 51. c7 h4 52. Re7+ Kf8 53. Kf6 hxg3 54. d7 Rxc7 55. d8Q# 1-0